Tính biểu trưng của thành ngữ tiếng Việt Luận văn tốt nghiệp Đại học Sư phạm ngành Ngữ văn khóa 19
Guardat en:
| Autor principal: | |
|---|---|
| Format: | Llibre |
| Idioma: | Undetermined |
| Publicat: |
Cần Thơ
Trường Đại học Cần Thơ, Khoa Sư phạm, Bộ môn Ngữ văn
1997
|
| Matèries: | |
| Etiquetes: |
Afegir etiqueta
Sense etiquetes, Sigues el primer a etiquetar aquest registre!
|
| Thư viện lưu trữ: | Trung tâm Học liệu Trường Đại học Cần Thơ |
|---|
| LEADER | 00742nam a2200193Ia 4500 | ||
|---|---|---|---|
| 001 | CTU_33419 | ||
| 008 | 210402s9999 xx 000 0 und d | ||
| 082 | |a 495.922 | ||
| 082 | |b Qu106/1997 | ||
| 100 | |a Lý Viễn Quang | ||
| 245 | 0 | |a Tính biểu trưng của thành ngữ tiếng Việt | |
| 245 | 0 | |b Luận văn tốt nghiệp Đại học Sư phạm ngành Ngữ văn khóa 19 | |
| 245 | 0 | |c Lý Viễn Quang | |
| 260 | |a Cần Thơ | ||
| 260 | |b Trường Đại học Cần Thơ, Khoa Sư phạm, Bộ môn Ngữ văn | ||
| 260 | |c 1997 | ||
| 650 | |a vietnamese language - idioms | ||
| 904 | |i Nguyên Quang Điền, 991027 | ||
| 980 | |a Trung tâm Học liệu Trường Đại học Cần Thơ | ||